| 000 | 00463nam a22001697a 4500 | ||
|---|---|---|---|
| 999 |
_c6901 _d6901 |
||
| 003 | OSt | ||
| 005 | 20210506124756.0 | ||
| 008 | 210506b ||||| |||| 00| 0 eng d | ||
| 020 | _a9789387339279 | ||
| 040 |
_aMUST LIB _cMUST |
||
| 082 | _a620.1 SID 2018 | ||
| 100 |
_aSiddiquee, Arshad Noor _914151 |
||
| 245 |
_aEngineering Mechanics : _bProblems and solutions . |
||
| 300 |
_aviiip.: _b ill. ; _c 28 cm |
||
| 650 |
_aMechanics, Applied _914152 |
||
| 942 |
_2z _cBOOK |
||